Candidates dans la série “La Flamme” - Statistiques

Statistiques générales
  • Ce quiz a été pris 178 fois
  • Le résultat moyen est 9 sur 13
Statistiques - réponses
Hint Réponse % Correct
Elle est très blanche selon Marc Anne
89%
Elle ne cache pas ce qu’elle a entre les jambes celle-là Chataléré
84%
Elle a un cœur de singe Soraya
80%
MAAAARCCCCC!!!!!! Alexandra
79%
Celle qui aurait pété Valérie
79%
La seule don’t Marc tombe directement amoureux Orchidée
77%
Pas vraiment intéressée par les hommes Marina
72%
Elle a 3x28 ans Claude
70%
Déguisée en Panda Anna
65%
SDF, elle cherche surtout de la chaleur Manon
58%
Enceinte depuis un moment Sarah
56%
La fleuriste qui a déjà fait l’amour à Jesus Victoire
54%
La photographe aveugle Émilie
41%
Aucun quiz correspondant
Distribution des résultats
% des personnes avec chaque résultat
Percentile par nombre de réponses
Votre historique - résultats
Vous n’avez pas pris ce quiz